Semiconductor Electronics / (Record no. 65731)

MARC details
000 -LEADER
fixed length control field 00589am aa2200217 44500
003 - CONTROL NUMBER IDENTIFIER
control field PK-NaQUE
005 - DATE AND TIME OF LATEST TRANSACTION
control field 20250612171152.0
008 - FIXED-LENGTH DATA ELEMENTS--GENERAL INFORMATION
fixed length control field 250612b ||||| |||| 00| 0 eng d
020 ## - INTERNATIONAL STANDARD BOOK NUMBER
International Standard Book Number 0070231621
020 ## - INTERNATIONAL STANDARD BOOK NUMBER
International Standard Book Number 978-0070231627
040 ## - CATALOGING SOURCE
Transcribing agency QUEST
082 ## - DEWEY DECIMAL CLASSIFICATION NUMBER
Classification number 621.384GIB
100 1# - MAIN ENTRY--PERSONAL NAME
Personal name Gibbons, James F.
245 10 - TITLE STATEMENT
Title Semiconductor Electronics /
260 ## - PUBLICATION, DISTRIBUTION, ETC. (IMPRINT)
Place of publication, distribution, etc New York,
Name of publisher, distributor, etc McGraw-Hill,
Date of publication, distribution, etc 1966.
300 ## - PHYSICAL DESCRIPTION
Extent 837 p. :
Other physical details illus. ;
650 #0 - SUBJECT ADDED ENTRY--TOPICAL TERM
Topical term or geographic name as entry element Electron tubes.
650 #0 - SUBJECT ADDED ENTRY--TOPICAL TERM
Topical term or geographic name as entry element Semiconductors.
856 ## - ELECTRONIC LOCATION AND ACCESS
Uniform Resource Identifier <a href="http://10.10.170.122:8080/browse/book/27549">http://10.10.170.122:8080/browse/book/27549</a>
Link text Download eBook
942 ## - ADDED ENTRY ELEMENTS (KOHA)
Koha item type Books
Source of classification or shelving scheme Dewey Decimal Classification
Holdings
Withdrawn status Lost status Damaged status Not for loan Home library Current library Date acquired Total Checkouts Full call number Barcode Date last seen Price effective from Koha item type
        Central Library, QUEST, Nawabshah Book Bank Section 05/12/2018   621.384 GIB 834 05/12/2018 05/12/2018 Books
        Central Library, QUEST, Nawabshah Book Bank Section 05/12/2018   621.384 GIB 836 05/12/2018 05/12/2018 Books
        Central Library, QUEST, Nawabshah Book Bank Section 05/12/2018   621.384 GIB 837 05/12/2018 05/12/2018 Books
        Central Library, QUEST, Nawabshah Book Bank Section 05/12/2018   621.384 GIB 838 05/12/2018 05/12/2018 Books